Roy of the Rovers: (Record no. 49867)
| 000 -LEADER | |
|---|---|
| fixed length control field | 00596pam a2200181 i 4500 |
| 001 - CONTROL NUMBER | |
| control field | 018933304 |
| 005 - DATE AND TIME OF LATEST TRANSACTION | |
| control field | 20260130101516.0 |
| 020 ## - INTERNATIONAL STANDARD BOOK NUMBER | |
| International Standard Book Number | 9781781086520 |
| 100 1# - MAIN ENTRY--PERSONAL NAME | |
| Personal name | Williams, Rob |
| Fuller form of name | (Robert Glyndwr), |
| Relator term | author. |
| 9 (RLIN) | 86990 |
| 245 10 - TITLE STATEMENT | |
| Title | Roy of the Rovers: |
| Remainder of title | Kick - off / |
| Statement of responsibility, etc | Rob Williams, Ben Willsher. |
| 260 ## - PUBLICATION, DISTRIBUTION, ETC. (IMPRINT) | |
| Place of publication, distribution, etc | Oxford,UK: |
| Name of publisher, distributor, etc | Rebellion; |
| Date of publication, distribution, etc | 2018. |
| 300 ## - PHYSICAL DESCRIPTION | |
| Extent | (unpaged) : |
| Other physical details | illustrations (colour) ; |
| Dimensions | 27 cm |
| 490 ## - SERIES STATEMENT | |
| Series statement | Roy of the rovers; |
| 650 #0 - SUBJECT ADDED ENTRY--TOPICAL TERM | |
| Topical term or geographic name as entry element | Soccer players. |
| Form subdivision | Comic books, strips, etc. |
| 9 (RLIN) | 86991 |
| 655 #7 - INDEX TERM--GENRE/FORM | |
| Genre/form data or focus term | Graphic novels. |
| 700 1# - ADDED ENTRY--PERSONAL NAME | |
| Personal name | Willsher, Ben, |
| Relator term | artist. |
| 9 (RLIN) | 86992 |
| 942 ## - ADDED ENTRY ELEMENTS (KOHA) | |
| Source of classification or shelving scheme | |
| Koha item type | Books/GRAPHICS |
| Withdrawn status | Lost status | Source of classification or shelving scheme | Damaged status | Not for loan | Collection code | Home library | Current library | Shelving location | Date acquired | Total Checkouts | Full call number | Barcode | Date last seen | Date checked out | Price effective from | Koha item type |
|---|---|---|---|---|---|---|---|---|---|---|---|---|---|---|---|---|
| SECONDARY | Asian Hope Secondary Library | Asian Hope Secondary Library | SECONDARY | 12/05/2025 | 2 | J GRAPHIX WIL | 208601 | 04/07/2026 | 03/31/2026 | 12/05/2025 | Books/GRAPHICS |